| 000 | 00404nam a22001457a 4500 | ||
|---|---|---|---|
| 082 |
_a526.9 _bTER _cd |
||
| 100 |
_aTerrington, J.S _939697 |
||
| 245 |
_aSurveying and levelling _cJ.S Terrington |
||
| 250 | _a1st ed. | ||
| 260 |
_aLondon _bCrosby lockwood & Son, Ltd _c1939 |
||
| 300 |
_aix, 108 p. : _bill.; _c12cm |
||
| 526 |
_a0 _b0 _c0 _d526_900000000000000_TER |
||
| 650 |
_aMCE _9379 |
||
| 942 |
_2ddc _cBK |
||
| 999 |
_c544139 _d544139 |
||